000 01061nmm a2200349 a 4500
003 AR-BaBNM
005 20251128204314.0
008 045019s1992 ||||||||||||||000 | spa||
020 _a950-755-037-2
040 _cAR-BaBNM
100 1 _aRamallo, Jorge María
245 1 0 _aEl Colegio y la Universidad de Buenos Aires en la época de Rosas
260 _aBuenos Aires
_bBraga
_c1992
300 0 _a181 p.
500 0 _aPosee notas al final de cada capítulo
504 _aContiene bibliografía
600 1 4 _aRosas, Juan Manuel de
_d1793-1877
610 2 4 _aColegio de Buenos Aires
610 2 4 _aColegio Repúblicano Federal de Buenos Aires
610 2 4 _aUniversidad de Buenos Aires
610 2 4 _aAcademia de Jurisprudencia de Buenos Aires
650 4 _aUNIVERSIDADES
650 4 _aSIGLO DIECINUEVE
650 4 _aOBJETIVOS EDUCACIONALES
650 4 _aRECTORES
650 4 _aOBJETIVOS EDUCACIONALES
651 4 _aBuenos Aires [Capital Federal]
651 4 _aArgentina
653 0 _aEDUCACION SUPERIOR
942 _cBK
998 _cCarmen
999 _c6957
_d6957